[Event "Khanty-Mansiysk TOP 28 Blitz GP"]
[Site "Khanty-Mansiysk"]
[Date "2023.12.04"]
[Round "1"]
[White "Iljiushenok, Ilia"]
[Black "Triapishko, Alexandr"]
[Result "1-0"]
[WhiteElo "2547"]
[BlackElo "2499"]
[PlyCount "121"]
[EventDate "2023.12.04"]
[EventType "tourn (blitz)"]
[EventRounds "13"]
[EventCountry "RUS"]
[EventCategory "10"]
[SourceTitle "CB49_2023"]
[SourceDate "2023.12.06"]
[SourceVersion "1"]
[SourceVersionDate "2023.12.06"]
[SourceQuality "1"]

1. e4 e5 2. Nc3 Nf6 3. Nf3 Nc6 4. Bb5 Nd4 5. Bc4 Bc5 6. d3 d6 7. Na4 Bg4 8. Nxc5 Bxf3 9. gxf3 dxc5 10. f4 Qe7 11. c3 Nc6 12. Bb5 0-0 13. Rg1 Kh8 14. Qf3 exf4 15. Bxc6 bxc6 16. Bxf4 Qe6 17. c4 Rg8 18. 0-0-0 Nd7 19. Qg3 f5 20. exf5 Qxf5 21. Bxc7 a5 22. Rde1 Qf6 23. Qf4 a4 24. Qxf6 gxf6 25. Bd6 Rxg1 26. Rxg1 Re8 27. Kd2 Re6 28. Bf4 Ne5 29. Bxe5 Rxe5 30. Rg4 h5 31. Rf4 Kg7 32. h4 f5 33. d4 cxd4 34. Rxd4 c5 35. Rd5 Re4 36. Rxf5 Rxc4 37. Rxh5 Kg6 38. Rh8 a3 39. b3 Rd4+ 40. Ke3 Kf6 41. Ra8 Rxh4 42. Rxa3 c4 43. Ra4 Rh3+ 44. f3 cxb3 45. axb3 Ke5 46. Re4+ Kd5 47. b4 Rh8 48. Rd4+ Ke5 49. f4+ Ke6 50. Ke4 Rh1 51. f5+ Ke7 52. Ke5 Re1+ 53. Re4 Rd1 54. Rh4 Re1+ 55. Re4 Rd1 56. Rf4 Re1+ 57. Kd5 Rd1+ 58. Kc6 Rd6+ 59. Kc5 Rd1 60. b5 Rc1+ 61. Kb6 1-0

[Event "Khanty-Mansiysk TOP 28 Blitz GP"]
[Site "Khanty-Mansiysk"]
[Date "2023.12.04"]
[Round "4"]
[White "Triapishko, Alexandr"]
[Black "Tsydypov, Zhamsaran"]
[Result "1-0"]
[WhiteElo "2499"]
[BlackElo "2530"]
[PlyCount "75"]
[EventDate "2023.12.04"]
[EventType "tourn (blitz)"]
[EventRounds "13"]
[EventCountry "RUS"]
[EventCategory "10"]
[SourceTitle "CB49_2023"]
[SourceDate "2023.12.06"]
[SourceVersion "1"]
[SourceVersionDate "2023.12.06"]
[SourceQuality "1"]

1. Nf3 b5 2. g3 Bb7 3. Bg2 Nf6 4. 0-0 e6 5. d3 c5 6. e4 Be7 7. e5 Nd5 8. c4 Nc7 9. Re1 0-0 10. Nc3 a6 11. h4 d5 12. exd6 Bxd6 13. b3 Nd7 14. Bb2 Nf6 15. Ne4 Be7 16. Ne5 Nxe4 17. dxe4 Qe8 18. Nd7 f6 19. Nxf8 Bxf8 20. e5 Bxg2 21. Kxg2 f5 22. Qf3 a5 23. Red1 a4 24. Qb7 Rc8 25. cxb5 Nxb5 26. Qd7 a3 27. Qxe8 Rxe8 28. Bc1 Nc3 29. Rd7 g6 30. Bxa3 Ra8 31. Bc1 Nb5 32. Be3 Nc3 33. a4 Nd5 34. a5 Bg7 35. Bxc5 Bxe5 36. Ra3 Nf6 37. Rb7 Ne4 38. b4 1-0

[Event "Khanty-Mansiysk Governor Cup Rapid"]
[Site "Khanty-Mansiysk"]
[Date "2023.11.28"]
[Round "11"]
[White "Zakhartsov, Vladimir"]
[Black "Triapishko, Alexandr"]
[Result "1-0"]
[WhiteElo "2525"]
[BlackElo "2499"]
[PlyCount "135"]
[EventDate "2023.11.26"]
[EventType "swiss (rapid)"]
[EventRounds "11"]
[EventCountry "RUS"]
[SourceTitle "CB49_2023"]
[SourceDate "2023.12.06"]
[SourceVersion "1"]
[SourceVersionDate "2023.12.06"]
[SourceQuality "1"]

1. e4 c6 2. Nf3 d5 3. Nc3 Bg4 4. h3 Bxf3 5. Qxf3 e6 6. Be2 Nf6 7. 0-0 dxe4 8. Nxe4 Nxe4 9. Qxe4 Nd7 10. d4 Nf6 11. Qd3 Be7 12. a4 a5 13. c3 0-0 14. Rd1 Qd7 15. Qc2 Rfd8 16. Bd3 g6 17. Qe2 Kg7 18. g3 Kg8 19. Bf4 Nd5 20. Bh6 Bf8 21. Bg5 Be7 22. h4 h5 23. Re1 Re8 24. Qf3 Qd6 25. Re2 Bxg5 26. hxg5 c5 27. Bb5 Red8 28. Rd1 b6 29. Red2 Rf8 30. Bc4 Ne7 31. Qf6 Nf5 32. d5 e5 33. Re1 Qxf6 34. gxf6 Nd6 35. Bd3 Ne8 36. Rxe5 Nxf6 37. Bb5 Rfd8 38. d6 Ra7 39. d7 Kf8 40. Rd6 Nxd7 41. Red5 Ke7 42. f4 Rc7 43. Kg2 Ra7 44. Kh3 Rb7 45. Kh4 f6 46. Rd1 Ra7 47. R6d2 Rc7 48. Re2+ Kf7 49. Rd6 c4 50. Bc6 Re8 51. Rxe8 Kxe8 52. Rxf6 Ke7 53. Rxg6 Kf7 54. Kg5 Nf8 55. Bd5+ Ke8 56. Rxb6 Rg7+ 57. Kh4 Ng6+ 58. Kh3 Ne7 59. Be6 Kd8 60. Rd6+ Ke8 61. f5 Rg5 62. f6 Ng6 63. Bxc4 h4 64. g4 Ne5 65. f7+ Nxf7 66. Bxf7+ Kxf7 67. Kxh4 Re5 68. Rb6 1-0

[Event "RUS-chT Rapid"]
[Site "Sochi"]
[Date "2023.10.19"]
[Round "6.23"]
[White "Zhurova, Anna"]
[Black "Triapishko, Alexandr"]
[Result "0-1"]
[WhiteElo "2288"]
[BlackElo "2499"]
[PlyCount "64"]
[EventDate "2023.10.18"]
[EventType "team-swiss (rapid)"]
[EventRounds "9"]
[EventCountry "RUS"]
[SourceTitle "Mega2024 Update 01"]
[Source "Chessbase"]
[SourceDate "2023.11.12"]
[SourceVersion "1"]
[SourceVersionDate "2023.11.12"]
[SourceQuality "1"]
[WhiteTeam "Voronezh"]
[BlackTeam "Vologodsk Region"]
[WhiteTeamCountry "RUS"]
[BlackTeamCountry "RUS"]

1. e4 c6 2. d4 d5 3. e5 Bf5 4. Nf3 e6 5. Be2 Ne7 6. 0-0 c5 7. c4 Nbc6 8. Nc3 a6 9. cxd5 Nxd5 10. Bg5 Nxc3 11. bxc3 Be7 12. Bxe7 Qxe7 13. Bd3 Bxd3 14. Qxd3 Rd8 15. Qe4 0-0 16. dxc5 Rd5 17. Rae1 Rxc5 18. Re3 Rd8 19. Qf4 b5 20. a4 Rc4 21. Re4 Rxc3 22. axb5 axb5 23. Qg3 Nd4 24. Kh1 b4 25. Rg4 g6 26. Qf4 Nxf3 27. gxf3 b3 28. Rh4 Rxf3 29. Qh6 f6 30. Rg1 Qg7 31. Qc1 Qb7 32. Rxh7 Kxh7 0-1

[Event "RUS-chT Rapid"]
[Site "Sochi"]
[Date "2023.10.18"]
[Round "5.19"]
[White "Triapishko, Alexandr"]
[Black "Iljiushenok, Ilia"]
[Result "0-1"]
[WhiteElo "2499"]
[BlackElo "2547"]
[PlyCount "116"]
[EventDate "2023.10.18"]
[EventType "team-swiss (rapid)"]
[EventRounds "9"]
[EventCountry "RUS"]
[SourceTitle "Mega2024 Update 01"]
[Source "Chessbase"]
[SourceDate "2023.11.12"]
[SourceVersion "1"]
[SourceVersionDate "2023.11.12"]
[SourceQuality "1"]
[WhiteTeam "Vologodsk Region"]
[BlackTeam "Moscow Formula Shakhmat"]
[WhiteTeamCountry "RUS"]
[BlackTeamCountry "RUS"]

1. Nf3 d5 2. g3 c6 3. Bg2 Bg4 4. h3 Bh5 5. c4 e6 6. 0-0 Nd7 7. d4 Ngf6 8. cxd5 exd5 9. Qb3 Nb6 10. Nh4 Be7 11. Nf5 0-0 12. Nc3 Bg6 13. Nxe7+ Qxe7 14. a4 Nc4 15. a5 Rfe8 16. Re1 Nd6 17. Bf4 Nfe4 18. Qb4 Rad8 19. Nxe4 Bxe4 20. Bxe4 dxe4 21. a6 b6 22. Rac1 Nf5 23. Qxe7 Nxe7 24. e3 f6 25. g4 Kf7 26. Kg2 Rd5 27. Rc2 Ke6 28. Ra1 Kd7 29. Bg3 Rb5 30. h4 h5 31. Kh3 hxg4+ 32. Kxg4 Nd5 33. Bf4 Nb4 34. Rc3 Nd3 35. Rc2 Rh8 36. Bg3 f5+ 37. Kg5 f4+ 38. Kg6 fxg3 39. fxg3 Rf8 40. Kxg7 Rf3 41. Rg1 Rbf5 42. g4 Rf7+ 43. Kg6 Nb4 44. Rh2 Nd5 45. g5 Ke8 46. Kh6 Rf8 47. g6 Rh8+ 48. Kg5 Nxe3 49. g7 Rg8 50. Kg6 Nf5 51. Kh7 Kf7 52. h5 Rxg7+ 53. Rxg7+ Nxg7 54. h6 Ne6 55. Kh8 e3 56. Rg2 Rf2 57. Rg3 e2 58. Re3 Nf4 0-1

[Event "RUS-chT Blitz"]
[Site "Sochi"]
[Date "2023.10.17"]
[Round "13.18"]
[White "Kezin, Roman"]
[Black "Triapishko, Alexandr"]
[Result "1/2-1/2"]
[WhiteElo "2505"]
[BlackElo "2499"]
[PlyCount "59"]
[EventDate "2023.10.17"]
[EventType "team-swiss (blitz)"]
[EventRounds "13"]
[EventCountry "RUS"]
[SourceTitle "Mega2024 Update 01"]
[Source "Chessbase"]
[SourceDate "2023.11.12"]
[SourceVersion "1"]
[SourceVersionDate "2023.11.12"]
[SourceQuality "1"]
[WhiteTeam "Novosibirsk Region"]
[BlackTeam "Vologodsk Region"]
[WhiteTeamCountry "RUS"]
[BlackTeamCountry "RUS"]

1. e4 c6 2. Nf3 d5 3. d3 dxe4 4. dxe4 Qxd1+ 5. Kxd1 Bg4 6. Be2 Bxf3 7. Bxf3 e5 8. Be2 Nd7 9. c3 a5 10. Kc2 Bc5 11. f3 Ne7 12. a4 Nc8 13. Nd2 Be3 14. Rd1 f6 15. b3 Ncb6 16. Ba3 Bc5 17. Bb2 Ke7 18. Nc4 Nxc4 19. Bxc4 Nb6 20. Be2 Rhd8 21. Rxd8 Rxd8 22. Bc1 Nd7 23. Bd2 Ra8 24. Rd1 b6 25. g3 Bd6 26. Be3 Bc5 27. Bc1 Bd6 28. Be3 Bc5 29. Bc1 Bd6 30. Be3 1/2-1/2

[Event "RUS-chT Blitz"]
[Site "Sochi"]
[Date "2023.10.17"]
[Round "12.26"]
[White "Triapishko, Alexandr"]
[Black "Galaktionov, Artem"]
[Result "1/2-1/2"]
[WhiteElo "2499"]
[BlackElo "2315"]
[PlyCount "72"]
[EventDate "2023.10.17"]
[EventType "team-swiss (blitz)"]
[EventRounds "13"]
[EventCountry "RUS"]
[SourceTitle "Mega2024 Update 01"]
[Source "Chessbase"]
[SourceDate "2023.11.12"]
[SourceVersion "1"]
[SourceVersionDate "2023.11.12"]
[SourceQuality "1"]
[WhiteTeam "Vologodsk Region"]
[BlackTeam "Moscow Temus Tim"]
[WhiteTeamCountry "RUS"]
[BlackTeamCountry "RUS"]

1. Nf3 c6 2. g3 g6 3. Bg2 Bg7 4. 0-0 d6 5. e4 Nd7 6. Re1 Ngf6 7. d4 e5 8. b3 exd4 9. Nxd4 0-0 10. Bb2 Nc5 11. Nc3 Re8 12. Qd2 a5 13. h3 Qb6 14. Re3 Bd7 15. Rae1 Rad8 16. Ba1 Bc8 17. Nb1 Qb4 18. Bc3 Qb6 19. Bxa5 Qa7 20. Bxd8 Rxd8 21. e5 Ne8 22. e6 Nxe6 23. Nxe6 Bxe6 24. Rxe6 fxe6 25. Rxe6 Kf7 26. Re2 Qd4 27. Qe1 Nf6 28. Nd2 Re8 29. Rxe8 Nxe8 30. Nf3 Qc5 31. b4 Qf5 32. h4 Bf6 33. c3 Nc7 34. Nd4 Bxd4 35. cxd4 d5 36. b5 cxb5 1/2-1/2

[Event "RUS-chT Blitz"]
[Site "Sochi"]
[Date "2023.10.17"]
[Round "10.18"]
[White "Vlasenko, Miroslav"]
[Black "Triapishko, Alexandr"]
[Result "1-0"]
[WhiteElo "2371"]
[BlackElo "2499"]
[PlyCount "93"]
[EventDate "2023.10.17"]
[EventType "team-swiss (blitz)"]
[EventRounds "13"]
[EventCountry "RUS"]
[SourceTitle "Mega2024 Update 01"]
[Source "Chessbase"]
[SourceDate "2023.11.12"]
[SourceVersion "1"]
[SourceVersionDate "2023.11.12"]
[SourceQuality "1"]
[WhiteTeam "St Petersburg SShOR II"]
[BlackTeam "Vologodsk Region"]
[WhiteTeamCountry "RUS"]
[BlackTeamCountry "RUS"]

1. d4 Nf6 2. Bf4 g6 3. e3 Bg7 4. Nf3 0-0 5. Be2 c5 6. c3 d6 7. h3 Qb6 8. Qc1 Nc6 9. 0-0 Be6 10. dxc5 Qxc5 11. Nbd2 Bd7 12. e4 Rac8 13. Be3 Qa5 14. Rd1 Qc7 15. Bc4 Na5 16. Bf1 b6 17. Qc2 Nb7 18. Nd4 Nc5 19. Nb5 Qb7 20. f3 Nh5 21. Nd4 b5 22. Bf2 a5 23. a3 a4 24. Rac1 Be5 25. Qb1 Ng3 26. Re1 g5 27. Rcd1 f6 28. Ne2 Nxf1 29. Nxf1 Be6 30. Ne3 Nb3 31. Nd4 Qd7 32. Nef5 Bxd4 33. Nxd4 Nxd4 34. Bxd4 Bc4 35. Qc1 Rf7 36. e5 fxe5 37. Bxe5 Qf5 38. Bd4 Qg6 39. Qe3 e6 40. Qd2 Bd5 41. Kh2 Rf5 42. Bf2 h5 43. Bg3 Rd8 44. Qe2 h4 45. Bf2 Bb3 46. Rd2 Bc4 47. Qe3 1-0

[Event "RUS-ch Blitz"]
[Site "Sochi"]
[Date "2023.10.14"]
[Round "10"]
[White "Vlasenko, Miroslav"]
[Black "Triapishko, Alexandr"]
[Result "0-1"]
[WhiteElo "2371"]
[BlackElo "2499"]
[PlyCount "54"]
[EventDate "2023.10.14"]
[EventType "swiss (blitz)"]
[EventRounds "13"]
[EventCountry "RUS"]
[SourceTitle "Mega2024 Update 01"]
[Source "Chessbase"]
[SourceDate "2023.11.12"]
[SourceVersion "1"]
[SourceVersionDate "2023.11.12"]
[SourceQuality "1"]

1. d4 Nf6 2. Bg5 d5 3. Bxf6 gxf6 4. c4 c5 5. cxd5 Qxd5 6. Nf3 cxd4 7. Nc3 Qa5 8. Nxd4 Bg7 9. Nb3 Qe5 10. g3 0-0 11. Bg2 Nc6 12. Qd5 Qxd5 13. Nxd5 e6 14. Nc3 f5 15. Bxc6 bxc6 16. 0-0-0 a5 17. Nc5 Rb8 18. Rd6 Rb4 19. Kc2 Rc4 20. N5a4 Ba6 21. b3 Rb4 22. Rxc6 Bb7 23. Rc5 Bxh1 24. f3 Bg2 25. Rxa5 Bf1 26. Rc5 Ra8 27. a3 Rbxa4 0-1